000 01303nam a2200349 a 4500
001 000113979
003 CHAP
005 20220329144422.0
008 171016s2017 mx a fsm |||||||spa d
010 _a110440
011 _a111412
040 _cCHAP
090 _aTesis
100 1 _aLópez Sánchez, Brenda Stephanie.
_9133797
245 1 0 _aEstudio de factibilidad técnico-económico para la instalación de una panaderia semi-mecanizada de pan de pulque /
_h[En línea]
_cpor Brenda Stephanie López Sánchez.
260 _aChapingo, Méx. :
_bEl autor,
_c2017.
500 _aPara ver el contenido del material haga clic en la liga
502 _aTesis (Ing. Agrindustrial) -- UACH. Departamento de Ingeniería Agroindustrial
590 _aBATCH-UPD
_b05
_c20190520
_lUCH01
_h1210
590 _aE8697GMM
_b05
_c20171016
_lUCH01
_h1237
590 _aE8697GMM
_b05
_c20171016
_lUCH01
_h1309
590 _aE8697GMM
_b05
_c20171016
_lUCH01
_h1409
590 _aE8697GMM
_b05
_c20171016
_lUCH01
_h1413
650 1 4 _aAlimentos
_xTecnología.
_94284
650 1 4 _aIndustria panificadora.
_957906
650 1 4 _aPan
_xConsumo.
_985042
650 1 4 _aPan
_xElaboración.
_985043
856 _aFinding aid
_uhttp://10.13.5.2/tesis/sist113979.pdf
_zTeclea aquí
901 _aBK
942 _cTESIS
942 _n0
999 _c110440
_d110440